A casebook on the law of succession / (Record no. 1288)

000 -LEADER
fixed length control field 00730cam a2200253 a 4500
001 - CONTROL NUMBER
control field 16810962
003 - CONTROL NUMBER IDENTIFIER
control field OSt
005 - DATE AND TIME OF LATEST TRANSACTION
control field 20140312133813.0
008 - FIXED-LENGTH DATA ELEMENTS--GENERAL INFORMATION
fixed length control field 110606s2010 ke 000 0 eng
010 ## - LIBRARY OF CONGRESS CONTROL NUMBER
LC control number 2011342747
020 ## - INTERNATIONAL STANDARD BOOK NUMBER
International Standard Book Number 9789966744852
040 ## - CATALOGING SOURCE
Original cataloging agency DLC
Transcribing agency DLC
042 ## - AUTHENTICATION CODE
Authentication code lcode
-- pcc
043 ## - GEOGRAPHIC AREA CODE
Geographic area code f-ke---
050 00 - LIBRARY OF CONGRESS CALL NUMBER
Classification number KSK770.M869 2010
100 1# - MAIN ENTRY--PERSONAL NAME
Personal name Musyoka, William.
245 12 - TITLE STATEMENT
Title A casebook on the law of succession /
Statement of responsibility, etc William Musyoka.
260 ## - PUBLICATION, DISTRIBUTION, ETC. (IMPRINT)
Place of publication, distribution, etc Nairobi, Kenya :
Name of publisher, distributor, etc LawAfrica Pub.,
Date of publication, distribution, etc 2010.
300 ## - PHYSICAL DESCRIPTION
Extent lxii, 701 p. ;
Dimensions 27 cm.
650 #0 - SUBJECT ADDED ENTRY--TOPICAL TERM
Topical term or geographic name as entry element Inheritance and succession
Geographic subdivision Kenya
Form subdivision Cases.
906 ## - LOCAL DATA ELEMENT F, LDF (RLIN)
a 7
b cbc
c origode
d 2
e ncip
f 20
g y-gencatlg
942 ## - ADDED ENTRY ELEMENTS (KOHA)
Source of classification or shelving scheme
Koha item type Book
Holdings
Withdrawn status Lost status Source of classification or shelving scheme Damaged status Not for loan Home library Current library Shelving location Date acquired Total Checkouts Total Renewals Full call number Barcode Date last seen Date checked out Copy number Price effective from Koha item type
          Riara University Library Riara University Library General stack 12/03/2014 13 3 KSK770.M86 2010 4603/14 04/04/2022 14/03/2022 C.1 12/03/2014 Book
          Riara University Library Riara University Library General stack 12/03/2014 8 2 KSK770.M86 2010 4604/14 09/06/2018 06/06/2018 C.2 12/03/2014 Book
          Riara University Library Riara University Library Short Loan 12/03/2014 10   KSK770.M86 2010 4605/14 06/03/2026 16/02/2026 C.3 12/03/2014 Book
          Riara University Library Riara University Library General stack 12/03/2014 9 3 KSK770.M86 2010 4606/14 10/01/2023 01/12/2022 C.4 12/03/2014 Book
          Riara University Library Riara University Library General stack 12/03/2014 5 2 KSK770.M86 2010 4607/14 28/04/2022 19/04/2022 C.5 12/03/2014 Book
          Riara University Library Riara University Library General stack 12/03/2014 8 2 KSK770.M86 2010 4608/14 09/01/2018 19/10/2017 C.6 12/03/2014 Book
          Riara University Library Riara University Library General stack 12/03/2014 15   KSK770.M86 2010 4609/14 09/02/2022 18/01/2022 C.7 12/03/2014 Book
          Riara University Library Riara University Library General stack 12/03/2014 19 3 KSK770.M86 2010 4610/14 13/03/2026 24/02/2026 C.8 12/03/2014 Book
          Riara University Library Riara University Library General stack 12/03/2014 16 1 KSK770.M86 2010 4611/14 23/06/2025 03/02/2025 C.9 12/03/2014 Book
          Riara University Library Riara University Library General stack 12/03/2014 14 4 KSK770.M86 2010 4612/14 28/04/2025 27/03/2025 C.10 12/03/2014 Book

Riara University Library,
P.O. Box 49940-00100,
Nairobi, Kenya.